| 000 | 00940nam a22003737a 4500 | ||
|---|---|---|---|
| 005 | 20260206193518.0 | ||
| 008 | 260206b2017 |||||||| |||| 00| 0 eng d | ||
| 020 | _a9788853622303 | ||
| 041 | _aING | ||
| 082 | _a428 M875f2 | ||
| 100 | _aMorris, Catrin E | ||
| 245 | _aFlash on English for tourism | ||
| 250 | _a2 edición | ||
| 260 | _aItalia | ||
| 260 | _bEli | ||
| 260 | _c2017 | ||
| 300 | _a64 páginas | ||
| 490 | _aTurismo | ||
| 650 | _aENSEÑANZA DEL INGLÉS | ||
| 650 | _aTURISMO INTERNACIONAL | ||
| 650 | _aVOCABULARIO | ||
| 650 | _aFUNCIONES LINGÜÍSTICAS | ||
| 650 | _aEJERCICIOS PRÁCTICOS | ||
| 650 | _aECOTURISMO | ||
| 650 | _aTIPOS DE TRANSPORTE | ||
| 650 | _aTEACHING ENGLISH | ||
| 650 | _aINTERNATIONAL TOURISM | ||
| 650 | _aVOCABULARY | ||
| 650 | _aLINGUISTIC FUNCTIONS | ||
| 650 | _aPRACTICAL EXERCISES | ||
| 650 | _aECOTOURISM | ||
| 650 | _aTYPES OF TRANSPORT | ||
| 942 |
_2ddc _cBK |
||
| 999 |
_c13905 _d13905 |
||